| 000 | 005320000a22001690004500 | ||
|---|---|---|---|
| 041 | 0 | _aSPA | |
| 082 | 0 | 4 | _aG 268.42 R4951m |
| 100 | 1 | _aRice, Lilian Moore | |
| 245 | 1 | 0 | _aMejor enseñanza bíblica para los primarios en la escuela dominical / Lillian Moore Rice ; E. B. F. de Cayetano, Traductor |
| 260 | _aEl Paso, TX., USA : Casa Bautista de Publicaciones | ||
| 300 | _a167 Pag | ||
| 001 | 7887 | ||
| 942 | _cBK | ||
| 999 |
_c38089 _d38089 |
||
| 336 |
_atexto _btxt _2rdacontent |
||
| 337 |
_2rdamedia _asin mediación _bn |
||
| 338 |
_2rdacarrier _avolumen _bnc |
||